Introduction to animal science

שמור ב:
מידע ביבליוגרפי
מחבר ראשי: Shapiro, Leland S.
פורמט: ספר
שפה:Undetermined
יצא לאור: Upper Saddle River, NJ Prentice-Hall 2001
נושאים:
תגים: הוספת תג
אין תגיות, היה/י הראשונ/ה לתייג את הרשומה!
Thư viện lưu trữ: Trung tâm Học liệu Trường Đại học Cần Thơ
LEADER 00500nam a2200181Ia 4500
001 CTU_79785
008 210402s9999 xx 000 0 und d
082 |a 636 
082 |b S529 
100 |a Shapiro, Leland S. 
245 0 |a Introduction to animal science 
245 0 |c Leland S. Shapiro 
260 |a Upper Saddle River, NJ 
260 |b Prentice-Hall 
260 |c 2001 
650 |a Animal industry,Livestock 
904 |i Minh,Hải 
980 |a Trung tâm Học liệu Trường Đại học Cần Thơ